| 000 | 00695cam a22002055a 4500 | ||
|---|---|---|---|
| 001 | L143545 | ||
| 008 | 080516s2001 xxk f 000 0 eng d | ||
| 020 | _a9780340819807 | ||
| 035 | _a(Sirsi) u143545 | ||
| 041 | 0 | _aeng | |
| 100 | 1 | _aLundin, Stephen | |
| 245 | 0 | 0 |
_aFish! _ba remarkable way to boost morale and improve results |
| 260 |
_aLondon _bHodder and Stoughton _c2001 |
||
| 300 |
_a112p. _c20cm. |
||
| 520 | _aParable-style book underlines the importance of fostering good morale among employees. Offers strategies for energising staff attitudes and generating passion for work. | ||
| 651 | 4 | _aInternational | |
| 700 | 1 | _aPaul, Harry | |
| 700 | 1 | _aChristensen, John | |
| 942 | _n0 | ||
| 999 |
_c108212 _d108212 |
||